| 000 | 01752cam a2200241 4500 | ||
|---|---|---|---|
| 001 | ABS68859 | ||
| 008 | 111024s2005 000 0 eng u | ||
| 035 | _a(Sirsi) u129127 | ||
| 100 | _aPoustie, M. | ||
| 245 | _aModernising public local inquiries - analysis of consultation responses: outline and some reflections | ||
| 260 | _c2005 | ||
| 490 |
_aScottish Planning and Environmental Law _v (107) February 2005, 7-10(4) |
||
| 520 | _aOutlines "Modernising public local inquiries - analysis of consultation responses" (MPLI) published by the Scottish Executive Development Department in December 2004. Provides further comment on the original consultation paper and the responses to it. MPLI is in essence a detailed development of the question how to make appeal inquiries more accessible and less intimidating and its proposals aim to strengthen the current appeals system while enabling decisions to be made quickly. Concludes that responses to MPLI gave broad if qualified support to the majority of the proposals including a move to a less adversarial appeal systems, which might facilitate greater public participation. References. View the analysis of consultation responses and the original consultation paper on www.scotland.gov.uk. | ||
| 590 | _aABS | ||
| 650 | _aSCOTLAND | ||
| 650 | _aPLANNING PROCEDURE | ||
| 650 | _aPLANNING APPEALS | ||
| 650 | _aRIGHT TO APPEAL | ||
| 690 | _aENVIRONMENTAL AND LAND CONSULTANCY-PLANNING AND DEVELOPMENT | ||
| 856 |
_uhttps://www.scotland.gov.uk/Resource/Doc/194371/0052189.pdf _zView the MPLI consultation responses' analysis at www.scotland.gov.uk |
||
| 856 |
_uhttps://www.scotland.gov.uk/consultations/planning/mplic.pdf _zView the MPLI consultation at www.scotland.gov.uk |
||
| 942 | _n0 | ||
| 999 |
_c74962 _d74962 |
||